| 000 | 00377nam a22001457a 4500 | ||
|---|---|---|---|
| 999 |
_c2495 _d2495 |
||
| 008 | 200305b ||||| |||| 00| 0 eng d | ||
| 082 | 0 | 0 |
_a623.8 _bH268 |
| 100 |
_9910 _aHardy, A. C. |
||
| 245 | 1 | 0 |
_aModern marine engineering, Vol - III _cby A. C. Hardy |
| 260 |
_aLondon _bCaxton _c1948 |
||
| 300 | _avi,205 p. | ||
| 365 | _d43.10 | ||
| 650 | 0 | _aMarine Engineering | |
| 942 | _cBK | ||